| 000 | 00740nam a22001577a 4500 | ||
|---|---|---|---|
| 003 | OSt | ||
| 005 | 20160401092551.0 | ||
| 008 | 160401b xxu||||| |||| 00| 0 eng d | ||
| 040 | _cRUA | ||
| 082 | _aAGR SRE 2010 B472 Or.1 | ||
| 100 |
_98288 _aSRENG LEANGCHENG; ស្រេង លាងឆេង |
||
| 245 | _aEffect of plant density on growth and yield of mungbean at royal university of agriculture; ឥទ្ធិពលនៃដង់ស៊ីតេដំណាំលើការលូតលាស់ និងទិន្នផលសណ្ដែកបាយនៅសាកលវិទ្យាល័យភូមិន្ទកសិកម្ម | ||
| 260 |
_aPhnom Penh _bRUA _c2010 |
||
| 300 |
_ax;39p. _bill. _c29cm. |
||
| 942 |
_2ddc _cAGR |
||
| 999 |
_c7925 _d7925 |
||